000 00482cam a2200193ua 4500
020 _c42.50
041 _aeng
_h
082 _a621
_bHAR/IN
100 _aHarris, Norman.C .
245 _aIntroductory applied physics /
_cC.Norman Harris.
_hTextual Documents
250 _a2 /
_b.
260 _a :
_bMc Graw Hill Book Company ,
_c1963.
300 _a789 ; .
365 _a42.50
504 _a
700 1 _aHemmerling, Edwin.M .
942 _cBK
999 _c1548
_d1548